Normal view
MARC view
Entry Personal Name
001 - CONTROL NUMBER
- control field: 66829
003 - CONTROL NUMBER IDENTIFIER
- control field: dpl
005 - DATE AND TIME OF LATEST TRANSACTION
- control field: 20240524114809.0
008 - FIXED-LENGTH DATA ELEMENTS
- fixed length control field: 240524|| aca||aabn | a|a d
040 ## - CATALOGING SOURCE
- Original cataloging agency: dpl
- Transcribing agency: dpl
100 ## - HEADING--PERSONAL NAME
- Personal name: Shah, Varsha
670 ## - SOURCE DATA FOUND
- Source citation: Work cat.: (dpl)203217: Shah, Varsha, Ajay and the Jaipur Moon/, 2023
